Online Catalogue and eLibrary

Disappearances and accountability : (Record no. 2871)

MARC details
000 -LEADER
fixed length control field 00275nam a2200097Ia 4500
008 - FIXED-LENGTH DATA ELEMENTS--GENERAL INFORMATION
fixed length control field 240331s9999 xx 000 0 und d
082 ## - DDC Classification
Item Number - Author Mark DIS
100 ## - MAIN ENTRY--PERSONAL NAME
Personal name University Teachers for Human Rights. ed
245 #0 - TITLE STATEMENT
Title Disappearances and accountability :
Remainder of title Special Report No.12
942 ## - Koha item type (Biblio)
Koha item type Books in Stacks (Lending)
Holdings
Lost status Damaged status Collection code Home library Current library Shelving location Date acquired Full call number Accession Number Item type
    Lending WERC Library WERC Library Social Science Cupboard 03/31/2024 362.6 DIS 2871 Books in Stacks (Lending)

© WERC Library